| 000 | 00550nam a22001577a 4500 | ||
|---|---|---|---|
| 003 | NUST | ||
| 038 | _aNusrat Nadeem | ||
| 082 | _a200 | ||
| 100 |
_aKhan, Reeha _9128518 |
||
| 245 |
_aA Multi-Stage Framework for Automated Cephalometric Landmark Detection: Addressing Resolution and Spatial Invariance/ _cReeha Khan, |
||
| 264 |
_aIslamabad, _bSEECS NUST; _c2025. |
||
| 650 |
_aMS- Data Science _9123017 |
||
| 700 |
_aSupervisor Dr. Muhammad Moazam Fraz _996751 |
||
| 856 | _uhttp://10.250.8.41:8080/xmlui/handle/123456789/50833 | ||
| 942 |
_2ddc _cSC |
||
| 999 |
_c613461 _d613461 |
||